| 000 | 01791ncm0a2200421 4500 | ||
|---|---|---|---|
| 001 | RU\NLR\ONIZ\219600 | ||
| 005 | 20250626085144.0 | ||
| 010 | _a978-5-7091-0670-3 | ||
| 021 |
_aRU _b17-175н _917-11н |
||
| 035 | _a(NLR Aleph) 011535189 | ||
| 090 |
_a12165709 _c12165709 |
||
| 100 | _a20170915d2013 |||y0rusy50 ca | ||
| 101 | 0 | _arus | |
| 102 | _aRU | ||
| 125 | _azy | ||
| 145 | 0 | _aa | |
| 200 | 1 |
_aНародные истоки тахпаха _bНоты _eсб. метод. материалов по муз.-песен. фольклору хакас. народа _fН. В. Катаева, М. С. Арчимаева, О. В. Чебодаев |
|
| 210 |
_aАбакан _cХакасское книжное изд-во _d2013 |
||
| 215 |
_a28 с. _cцв. фото _d29 см |
||
| 300 | _aПредисл.: с. 3-8 | ||
| 606 | 1 |
_aНародная песня Хакассии _yРоссия _z21 в. _jНоты _2nlr_sh |
|
| 606 | 1 |
_aХакасская музыка _jНоты _2nlr_sh |
|
| 686 |
_aЩ92(2Р=Хак)-4я43 _vLBC/SL _2rubbk |
||
| 702 | 1 |
_9z01790 _aКатаева _bН. В. _gНина Викторовна _4070 |
|
| 702 | 1 |
_9z02790 _aАрчимаева _bМ. С. _gМария Сергеевна _4070 |
|
| 702 | 1 |
_9z03790 _aЧебодаев _bО. В. _gОлег Валерьевич _4070 |
|
| 790 | 1 |
_9z01702 _aKataeva _bN. V. _gNina Viktorovna _4070 |
|
| 790 | 1 |
_9z02702 _aArchimaeva _bM. S. _gMariya Sergeevna _4070 |
|
| 790 | 1 |
_9z03702 _aChebodaev _bO. V. _gOleg Valer`evich _4070 |
|
| 801 | 0 |
_aRU _bNLR _c20170915 _gPSBO |
|
| 801 | 1 |
_aRU _bNLR _c20170915 _2rusmarc |
|
| 801 | 2 |
_aRU _bNLR _c20190630 |
|
| 852 |
_aNLR _bМ _jК-3/28830 _pМОЭ 2017-11н/175н _t1 |
||
| 852 |
_aNLR _bМ _jК-3/28830а _pМОЭ 2017-11н/175на _t2 |
||
| 942 | _cSCORE | ||
| 980 | _aNB | ||
| 980 | _aONIZ | ||